000 00758nam a2200229 i 4500
001 187714
003 ES-MaACL
005 20230906223019.0
008 180202s1971 sp |||| | spa d
100 1 _aHume, W. G.
_9164168
245 1 0 _aProducción comercial de cebollas y guisantes /
_cW.G. Hume, K.V. Kramp ; traducido del inglés por Luis Heras Cobo.
260 _aZaragoza :
_bAcribia,
_c[1971]
300 _a176 p. 4 lám. ;
_c19 cm.
490 1 _aManuales de Técnica Agropecuaria
650 4 _aCebollas.
_9164170
650 4 _aGuisantes.
_9164171
700 1 _aKramp, K. V.
_9164172
700 0 _aHeras Cobo, Luis.
_962642
830 0 _aManuales de Técnica Agropecuaria
_9183378
852 _aES-MaACL
_jC-45400
999 _c187714
_d187714